000
00341nam a22001457a 4500
020
_a
81-7515-322-9
041
_a
ENG
100
_a
Mascetta.J.A
245
_a
How To Prepare For The Sat II Chemistry
250
_a
6TH ED
260
_a
Delhi
_b
Galgotia Pub
_c
1998
300
_a
352
650
_a
Competitive Exam
856
_u
Competitive Exam
999
_c
547
_d
547